• 首页
  • 本馆介绍
  • 公告通知
  • 最新文献
  • 馆藏检索
  • 电子资源
  • 读者导购
  • 参考咨询
  • 我的图书馆
  • 登录
  • 详细信息显示
  • 放入我的书架
  • 预约/预借图书
  • 作者相关作品
  • 分类相关作品
  • 丛书相关作品
  • 出版社相关作品

书目信息

  • 表格格式
  • 工作单格式
  • 卡片格式
题名:
甜瓜优质高效栽培及病虫害防治新技术
    
 
作者: 张万清 , 解文新, 主编
分册:  
出版信息: 北京   中国林业出版社  2019.07
页数: 263页
开本: 24cm
丛书名:
单 册:
中图分类: S652 , S436.5
科图分类:
主题词: 甜瓜--tian gua--瓜果园艺 , 甜瓜--tian gua--病虫害防治
电子资源:
ISBN: 978-7-5038-9903-4
000 01106nam0 2200289 450
001 CAL 0120192834875
005 20230217093111.0
010    @a978-7-5038-9903-4@dCNY59.00
100    @a20190821d2019 em y0chiy0120 ea
101 0  @achi
102    @aCN@b110000
105    @aak a 000yy
106    @ar
200 1  @a甜瓜优质高效栽培及病虫害防治新技术@Atian gua you zhi gao xiao zai pei ji bing chong hai fang zhi xin ji shu@f张万清, 解文新主编
210    @a北京@c中国林业出版社@d2019.07
215    @a263页@c彩图@d24cm
314    @a张万清, 高级农艺师, 现就职于北京市农林科学院蔬菜研究中心。解文新, 大专学历。现任青岛莱西市新丰顺研究所所长。
320    @a有书目 (第246页)
330    @a本书共分为七章, 主要内容包括: 概述、甜瓜的特征特性、甜瓜栽培类型与方式、甜瓜植物分类及栽培品种选择、甜瓜优质高效栽培技术等。
606 0  @a甜瓜@Atian gua@x瓜果园艺
606 0  @a甜瓜@Atian gua@x病虫害防治
690    @aS652@v5
690    @aS436.5@v5
701  0 @a张万清@Azhang wan qing@4主编
701  0 @a解文新,@Axie wen xin@f1962-@4主编
801  0 @aCN@bBJXHZP@c20230228
905    @b1387734-7@dS652@e718@f4
    
    甜瓜优质高效栽培及病虫害防治新技术/张万清, 解文新主编.-北京:中国林业出版社,2019.07
    263页:彩图;24cm
    
    
    ISBN 978-7-5038-9903-4:CNY59.00
    本书共分为七章, 主要内容包括: 概述、甜瓜的特征特性、甜瓜栽培类型与方式、甜瓜植物分类及栽培品种选择、甜瓜优质高效栽培技术等。
●
相关链接 在E读中查询图书 在五车中查询图书 在当当中查询图书 在豆瓣中查询图书


正题名:甜瓜优质高效栽培及病虫害防治新技术     索取号:S652/718         预约/预借

序号 登录号 条形码 馆藏地/架位号 状态 备注
1 1387734   213877349   第二样本阅览室/ [索取号:S652/718] 在馆    
2 1387735   213877358   第三借阅区/ [索取号:S652/718] 在馆    
3 1387736   213877367   第三借阅区/ [索取号:S652/718] 在馆    
4 1387737   213877376   第三借阅区/ [索取号:S652/718] 在馆    
唐山师范学院图书馆 欢迎您!
大连网信软件有限公司© 版权所有